000 00396nam a2200157Ia 4500
003 LK-CoDNM
008 010623t1938 xxu||||| |||| 00| 1 sin d
040 _aLK-CoDNM
_dLK-CoDNM
_eLK-CoDNM
041 _asin
080 _aD 16
245 _aසිංහල දරුවා
246 _aSinhala Daruva
260 _bCeylon Stationaries
_aColombo
_c1938
300 _b96p,ill., 25 cm
942 _cBK
999 _c99153
_d99153